Κάθε Flag-Shape Χώρας του ΝΑΤΟ - Statistics

General Stats
  • This quiz has been taken 15 times
  • The average score is 29 of 32
Answer Stats
Picture Answer % Correct
Αλβανία
100%
Βέλγιο
93%
Καναδάς
93%
Κροατία
93%
Τσεχία
93%
Δανία
93%
Εσθονία
93%
Φινλανδία
93%
Γαλλία
93%
Γερμανία
93%
Ελλάδα
93%
Ουγγαρία
93%
Ισλανδία
93%
Ιταλία
93%
Λετονία
93%
Λιθουανία
93%
Βόρεια Μακεδονία
93%
Νορβηγία
93%
Πολωνία
93%
Πορτογαλία
93%
Ρουμανία
93%
Σλοβακία
93%
Σλοβενία
93%
Ισπανία
93%
Σουηδία
93%
Τουρκία
93%
Ηνωμένο Βασίλειο
93%
Ηνωμένες Πολιτείες
93%
Βουλγαρία
86%
Λουξεμβούργο
86%
Ολλανδία
86%
Μαυροβούνιο
79%
No matching quizzes found
Score Distribution
Percent of People with Each Score
Percentile by Number Answered
Your Score History
You have not taken this quiz